Ligue 1 - 24/25 - Pays d'origine des joueurs - Statistiques

Statistiques générales
  • Ce quiz a été pris 78 fois
  • Le résultat moyen est 4 sur 20
Statistiques - réponses
# joueurs ANSWER # Minutes % Correct
265 France 151,692
100%
16 Algérie 14,870
27%
18 Maroc 12,515
27%
21 Sénégal 13,111
26%
25 Côte d'Ivoire 23,720
24%
15 Brésil 19,330
20%
15 Portugal 11,278
19%
13 Belgique 4,459
14%
8 Espagne 6,009
13%
11 Mali 8,978
11%
7 Angleterre 6,569
10%
7 Argentine 7,547
10%
10 Cameroun 6,530
10%
10 Pays-Bas 10,469
9%
10 Suisse 7,633
9%
8 Ghana 8,028
6%
8 Guinée 4,236
6%
6 Japon 6,354
4%
7 Nigeria 4,785
4%
8 Serbie 4,199
4%
Aucun quiz correspondant
Distribution des résultats
% des personnes avec chaque résultat
Percentile par nombre de réponses
Votre historique - résultats
Vous n’avez pas pris ce quiz